[Event "Stay Safe Play From Home 248"]
[Site "Emanuel Lasker Arena"]
[Date "2020.06.23"]
[Round "6"]
[White "Haxhi Baha"]
[Black "SoulofWolf"]
[Result "0-1"]
[WhiteElo "1946"]
[BlackElo "2150"]
[PlyCount "96"]
[EventDate "2020.06.23"]
[EventType "swiss (blitz)"]

1. e4 {[%emt 0:00:03]} d6 {[%emt 0:00:00]} 2. d4 {[%emt 0:00:02]} c5 {[%emt 0:00:00]} 3. Nc3 {[%emt 0:00:00]} c4 {[%emt 0:00:01]} 4. Bxc4 {[%emt 0:00:02]} Nc6 {[%emt 0:00:00]} 5. Nf3 {[%emt 0:00:01]} e6 {[%emt 0:00:00]} 6. d5 {[%emt 0:00:01]} exd5 {[%emt 0:00:01]} 7. Nxd5 {[%emt 0:00:00]} Nf6 {[%emt 0:00:01]} 8. O-O {[%emt 0:00:01]} Be7 {[%emt 0:00:01]} 9. Nxe7 {[%emt 0:00:02]} Qxe7 {[%emt 0:00:00]} 10. Bg5 {[%emt 0:00:01]} O-O {[%emt 0:00:00]} 11. Re1 {[%emt 0:00:01]} Bg4 {[%emt 0:00:01]} 12. h3 {[%emt 0:00:01]} Bxf3 {[%emt 0:00:00]} 13. Qxf3 {[%emt 0:00:00]} Ne5 {[%emt 0:00:00]} 14. Qc3 {[%emt 0:00:02]} Rac8 {[%emt 0:00:02]} 15. b3 {[%emt 0:00:01]} b5 {[%emt 0:00:01]} 16. f4 {[%emt 0:00:01]} Ng6 {[%emt 0:00:10]} 17. e5 {[%emt 0:00:02]} dxe5 {[%emt 0:00:01]} 18. fxe5 {[%emt 0:00:01]} Qc5+ {[%emt 0:00:01]} 19. Be3 {[%emt 0:00:04]} Qc7 {[%emt 0:00:06]} 20. exf6 {[%emt 0:00:03]} bxc4 {[%emt 0:00:00]} 21. fxg7 {[%emt 0:00:01]} Rfe8 {[%emt 0:00:00]} 22. Bh6 {[%emt 0:00:03]} Ne5 {[%emt 0:00:02]} 23. Bf4 {[%emt 0:00:03]} Qb6+ {[%emt 0:00:02]} 24. Kh1 {[%emt 0:00:03]} Ng6 {[%emt 0:00:01]} 25. Bg3 {[%emt 0:00:02]} cxb3 {[%emt 0:00:00]} 26. Rxe8+ {[%emt 0:00:01]} Rxe8 {[%emt 0:00:01]} 27. Qxb3 {[%emt 0:00:00]} Qf6 {[%emt 0:00:02]} 28. Rd1 {[%emt 0:00:02]} Qxg7 {[%emt 0:00:01]} 29. Rd7 {[%emt 0:00:01]} Ne7 {[%emt 0:00:01]} 30. Rxa7 {[%emt 0:00:02]} Qxg3 {[%emt 0:00:01]} 31. Qxg3+ {[%emt 0:00:01]} Kf8 {[%emt 0:00:01]} 32. Qg5 {[%emt 0:00:02]} Ng6 {[%emt 0:00:01]} 33. Qh6+ {[%emt 0:00:01]} Kg8 {[%emt 0:00:03]} 34. Kh2 {[%emt 0:00:00]} Rf8 {[%emt 0:00:01]} 35. Rc7 {[%emt 0:00:02]} Ne5 {[%emt 0:00:03]} 36. h4 {[%emt 0:00:00]} Ng4+ {[%emt 0:00:01]} 37. Kh3 {[%emt 0:00:02]} Nxh6 {[%emt 0:00:00]} 38. g4 {[%emt 0:00:00]} Kg7 {[%emt 0:00:00]} 39. Rc6 {[%emt 0:00:01]} Ng8 {[%emt 0:00:01]} 40. g5 {[%emt 0:00:01]} Ra8 {[%emt 0:00:02]} 41. h5 {[%emt 0:00:01]} Rxa2 {[%emt 0:00:01]} 42. c4 {[%emt 0:00:00]} Kf8 {[%emt 0:00:01]} 43. h6 {[%emt 0:00:00]} Ke7 {[%emt 0:00:01]} 44. Kg4 {[%emt 0:00:00]} Ra4 {[%emt 0:00:02]} 45. Kf5 {[%emt 0:00:01]} Kd7 {[%emt 0:00:01]} 46. Rc5 {[%emt 0:00:01]} Ne7+ {[%emt 0:00:00]} 47. Kf6 {[%emt 0:00:00]} Ra7 {[%emt 0:00:00]} 48. Kxf7 {[%emt 0:00:00]} Nc8 {[%emt 0:00:01] Time (Lag: Av=0.54s, max=0.9s) .} 0-1

[Event "Stay Safe Play From Home 248"]
[Site "Emanuel Lasker Arena"]
[Date "2020.06.23"]
[Round "6"]
[White "SecantFX"]
[Black "Lazieri3"]
[Result "1-0"]
[WhiteElo "1902"]
[BlackElo "2148"]
[PlyCount "75"]
[EventDate "2020.06.23"]
[EventType "swiss (blitz)"]

1. g3 {[%emt 0:00:00]} c6 {[%emt 0:00:00]} 2. Bg2 {[%emt 0:00:00]} d5 {[%emt 0:00:00]} 3. f4 {[%emt 0:00:01]} Nf6 {[%emt 0:00:00]} 4. Nf3 {[%emt 0:00:00]} Bf5 {[%emt 0:00:00]} 5. e3 {[%emt 0:00:01]} e6 {[%emt 0:00:00]} 6. d3 {[%emt 0:00:00]} Bd6 {[%emt 0:00:01]} 7. O-O {[%emt 0:00:00]} O-O {[%emt 0:00:02]} 8. d4 {[%emt 0:00:01]} Ne4 {[%emt 0:00:01]} 9. Ne5 {[%emt 0:00:00]} Nd7 {[%emt 0:00:02]} 10. c4 {[%emt 0:00:02]} Nxe5 {[%emt 0:00:03]} 11. fxe5 {[%emt 0:00:01]} Bb8 {[%emt 0:00:02]} 12. c5 {[%emt 0:00:01]} b6 {[%emt 0:00:01]} 13. b4 {[%emt 0:00:01]} a5 {[%emt 0:00:01]} 14. Bd2 {[%emt 0:00:02]} Nxd2 {[%emt 0:00:02]} 15. Qxd2 {[%emt 0:00:01]} axb4 {[%emt 0:00:01]} 16. Qxb4 {[%emt 0:00:01]} bxc5 {[%emt 0:00:01]} 17. Qxc5 {[%emt 0:00:01]} Qd7 {[%emt 0:00:02]} 18. Nd2 {[%emt 0:00:01]} Ba7 {[%emt 0:00:03]} 19. Qc3 {[%emt 0:00:01]} Rfc8 {[%emt 0:00:04]} 20. Nb3 {[%emt 0:00:01]} Rab8 {[%emt 0:00:03]} 21. Rac1 {[%emt 0:00:01]} h6 {[%emt 0:00:02]} 22. h3 {[%emt 0:00:01]} Qb7 {[%emt 0:00:05]} 23. Rxf5 {[%emt 0:00:02]} exf5 {[%emt 0:00:01]} 24. Qd3 {[%emt 0:00:02]} g6 {[%emt 0:00:01]} 25. g4 {[%emt 0:00:01]} fxg4 {[%emt 0:00:01]} 26. hxg4 {[%emt 0:00:01]} Qd7 {[%emt 0:00:01]} 27. Qe2 {[%emt 0:00:02]} Kg7 {[%emt 0:00:05]} 28. Kh2 {[%emt 0:00:01]} h5 {[%emt 0:00:02]} 29. Bh3 {[%emt 0:00:02]} hxg4 {[%emt 0:00:01]} 30. Bxg4 {[%emt 0:00:00]} Rh8+ {[%emt 0:00:02]} 31. Kg3 {[%emt 0:00:01]} Qe7 {[%emt 0:00:01]} 32. Qf2 {[%emt 0:00:02]} Qh4+ {[%emt 0:00:02]} 33. Kf3 {[%emt 0:00:00]} Qh2 {[%emt 0:00:06]} 34. Qxh2 {[%emt 0:00:01]} Rxh2 {[%emt 0:00:00]} 35. Rxc6 {[%emt 0:00:01]} Rxa2 {[%emt 0:00:01]} 36. Nc5 {[%emt 0:00:01]} Bxc5 {[%emt 0:00:01]} 37. Rxc5 {[%emt 0:00:00]} Rbb2 {[%emt 0:00:00]} 38. Rxd5 {[%emt 0:00:01] Time} 1-0

[Event "Stay Safe Play From Home 248"]
[Site "Emanuel Lasker Arena"]
[Date "2020.06.23"]
[Round "6"]
[White "Buzaglo"]
[Black "Dave_H"]
[Result "1-0"]
[WhiteElo "1869"]
[BlackElo "1739"]
[Annotator "NA"]
[PlyCount "55"]
[EventDate "2020.06.23"]
[EventType "swiss (blitz)"]
[BlackTeam "SK Vellmar"]

{- Halt, David (2088)} 1. d4 {[%emt 0:00:01]} f5 {[%emt 0:00:01]} 2. Nf3 {[%emt 0:00:01]} Nf6 {[%emt 0:00:04]} 3. g3 {[%emt 0:00:01]} g6 {[%emt 0:00:00]} 4. Bg2 {[%emt 0:00:00]} Bg7 {[%emt 0:00:00]} 5. O-O {[%emt 0:00:01]} O-O {[%emt 0:00:01]} 6. Ne5 {[%emt 0:00:01]} d6 {[%emt 0:00:01]} 7. Nf3 {[%emt 0:00:01]} c6 {[%emt 0:00:01]} 8. c4 {[%emt 0:00:01]} Qc7 {[%emt 0:00:05]} 9. Nc3 {[%emt 0:00:01]} e5 {[%emt 0:00:01]} 10. dxe5 {[%emt 0:00:01]} dxe5 {[%emt 0:00:01]} 11. Ng5 {[%emt 0:00:04]} Rd8 {[%emt 0:00:02]} 12. Qc2 {[%emt 0:00:01]} h6 {[%emt 0:00:03]} 13. Nf3 {[%emt 0:00:01]} e4 {[%emt 0:00:02]} 14. Nh4 {[%emt 0:00:03]} Kh7 {[%emt 0:00:01]} 15. h3 {[%emt 0:00:04]} g5 {[%emt 0:00:02]} 16. Nf3 {[%emt 0:00:04]} exf3 {[%emt 0:00:02]} 17. Bxf3 {[%emt 0:00:00]} Nbd7 {[%emt 0:00:05]} 18. h4 {[%emt 0:00:02]} Ne5 {[%emt 0:00:01]} 19. hxg5 {[%emt 0:00:02]} Nxf3+ {[%emt 0:00:02]} 20. exf3 {[%emt 0:00:01]} hxg5 {[%emt 0:00:01]} 21. Bxg5 {[%emt 0:00:00]} Be6 {[%emt 0:00:04]} 22. f4 {[%emt 0:00:01]} Bf7 {[%emt 0:00:05]} 23. Qxf5+ {[%emt 0:00:03]} Bg6 {[%emt 0:00:01]} 24. Qe6 {[%emt 0:00:04]} Re8 {[%emt 0:00:03]} 25. Qh3+ {[%emt 0:00:04]} Kg8 {[%emt 0:00:02]} 26. Rae1 {[%emt 0:00:02]} Qf7 {[%emt 0:00:03]} 27. Ne2 {[%emt 0:00:03]} Qxc4 {[%emt 0:00:02]} 28. Nc3 {[%emt 0:00:02] Zeit (Lag: Av=0.38s, max=0.5s)} 1-0

[Event "Stay Safe Play From Home 248"]
[Site "Emanuel Lasker Arena"]
[Date "2020.06.23"]
[Round "6"]
[White "Grazie"]
[Black "Trotsky"]
[Result "1-0"]
[WhiteElo "1811"]
[BlackElo "1569"]
[Annotator "NA"]
[PlyCount "51"]
[EventDate "2020.06.23"]
[EventType "swiss (blitz)"]

1. d4 {[%emt 0:00:00]} d5 {[%emt 0:00:01]} 2. c3 {[%emt 0:00:00]} e6 {[%emt 0:00:00]} 3. g3 {[%emt 0:00:00]} c5 {[%emt 0:00:01]} 4. Bg2 {[%emt 0:00:00]} Nc6 {[%emt 0:00:01]} 5. Nf3 {[%emt 0:00:01]} c4 {[%emt 0:00:01]} 6. O-O {[%emt 0:00:01]} Bd6 {[%emt 0:00:01]} 7. Bg5 {[%emt 0:00:00]} f6 {[%emt 0:00:01]} 8. Bxf6 {[%emt 0:00:00]} Nxf6 {[%emt 0:00:01]} 9. Nbd2 {[%emt 0:00:01]} Qc7 {[%emt 0:00:01]} 10. Ng5 {[%emt 0:00:01]} h5 {[%emt 0:00:03]} 11. h4 {[%emt 0:00:02]} Bxg3 {[%emt 0:00:03]} 12. fxg3 {[%emt 0:00:01]} Qxg3 {[%emt 0:00:01]} 13. Ndf3 {[%emt 0:00:01]} Ng4 {[%emt 0:00:01]} 14. Qc2 {[%emt 0:00:05]} Rh6 {[%emt 0:00:03]} 15. e4 {[%emt 0:00:04]} Bd7 {[%emt 0:00:03]} 16. exd5 {[%emt 0:00:01]} Nce5 {[%emt 0:00:07]} 17. dxe5 {[%emt 0:00:01]} exd5 {[%emt 0:00:03]} 18. Rad1 {[%emt 0:00:05]} Bc6 {[%emt 0:00:02]} 19. Qf5 {[%emt 0:00:01]} d4 {[%emt 0:00:06]} 20. Rxd4 {[%emt 0:00:07]} Rd8 {[%emt 0:00:11]} 21. Rxd8+ {[%emt 0:00:03]} Kxd8 {[%emt 0:00:02]} 22. Nf7+ {[%emt 0:00:02]} Kc7 {[%emt 0:00:01]} 23. Nxh6 {[%emt 0:00:08] .} gxh6 {[%emt 0:00:02]} 24. Qxh5 {[%emt 0:00:02]} Kb6 {[%emt 0:00:01]} 25. Rf2 {[%emt 0:00:04]} Qxf2+ {[%emt 0:00:02]} 26. Kh1 {[%emt 0:00:01] ' Âðåìÿ (Lag: Av=0.28s, max=0.8s)} 1-0

[Event "Stay Safe Play From Home 248"]
[Site "Emanuel Lasker Arena"]
[Date "2020.06.23"]
[Round "6"]
[White "Germanicus G"]
[Black "Fischer_11"]
[Result "0-1"]
[WhiteElo "1315"]
[BlackElo "1981"]
[Annotator "NA"]
[PlyCount "70"]
[EventDate "2020.06.23"]
[EventType "swiss (blitz)"]

1. g3 {[%emt 0:00:01]} Nf6 {[%emt 0:00:01]} 2. Bg2 {[%emt 0:00:00]} g6 {[%emt 0:00:00]} 3. e3 {[%emt 0:00:00]} Bg7 {[%emt 0:00:00]} 4. d3 {[%emt 0:00:01]} O-O {[%emt 0:00:00]} 5. d4 {[%emt 0:00:00]} d6 {[%emt 0:00:00]} 6. c3 {[%emt 0:00:01]} d5 {[%emt 0:00:00]} 7. c4 {[%emt 0:00:00]} c6 {[%emt 0:00:00]} 8. cxd5 {[%emt 0:00:01]} cxd5 {[%emt 0:00:00]} 9. Nc3 {[%emt 0:00:01]} Nc6 {[%emt 0:00:00]} 10. Nf3 {[%emt 0:00:02]} a6 {[%emt 0:00:00]} 11. O-O {[%emt 0:00:01]} b5 {[%emt 0:00:00]} 12. a3 {[%emt 0:00:02]} Bb7 {[%emt 0:00:00]} 13. Bd2 {[%emt 0:00:02]} Rc8 {[%emt 0:00:00]} 14. Rc1 {[%emt 0:00:02]} e6 {[%emt 0:00:00]} 15. Na2 {[%emt 0:00:01]} Re8 {[%emt 0:00:00]} 16. Nb4 {[%emt 0:00:01]} Na5 {[%emt 0:00:02]} 17. Nxd5 {[%emt 0:00:02]} Bxd5 {[%emt 0:00:06]} 18. Qe1 {[%emt 0:00:04]} Rxc1 {[%emt 0:00:02]} 19. Qxc1 {[%emt 0:00:04]} Nc4 {[%emt 0:00:03]} 20. Bc3 {[%emt 0:00:02]} Ne4 {[%emt 0:00:01]} 21. b3 {[%emt 0:00:02]} Nxc3 {[%emt 0:00:04]} 22. Qxc3 {[%emt 0:00:01]} Nd6 {[%emt 0:00:04]} 23. Qc5 {[%emt 0:00:05]} Qd7 {[%emt 0:00:01]} 24. b4 {[%emt 0:00:02]} Rc8 {[%emt 0:00:01]} 25. Qb6 {[%emt 0:00:03]} Qc6 {[%emt 0:00:01]} 26. Qa7 {[%emt 0:00:02]} Bxf3 {[%emt 0:00:01]} 27. Bxf3 {[%emt 0:00:02]} Qxf3 {[%emt 0:00:00]} 28. Qxa6 {[%emt 0:00:01]} h5 {[%emt 0:00:03]} 29. Qxd6 {[%emt 0:00:02]} h4 {[%emt 0:00:03]} 30. gxh4 {[%emt 0:00:05]} Bf6 {[%emt 0:00:03]} 31. Qg3 {[%emt 0:00:01]} Qe2 {[%emt 0:00:03]} 32. h5 {[%emt 0:00:02]} Kg7 {[%emt 0:00:02]} 33. hxg6 {[%emt 0:00:01]} fxg6 {[%emt 0:00:00]} 34. h4 {[%emt 0:00:01]} Rh8 {[%emt 0:00:02]} 35. Kg2 {[%emt 0:00:03]} Rxh4 {[%emt 0:00:01] Zeit (Lag: Av=0.24s, max=0.7s)} 0-1

[Event "Stay Safe Play From Home 248"]
[Site "Emanuel Lasker Arena"]
[Date "2020.06.23"]
[Round "7"]
[White "Mepe_Nika"]
[Black "Grazie"]
[Result "1-0"]
[WhiteElo "2387"]
[BlackElo "1818"]
[Annotator "TA"]
[PlyCount "77"]
[EventDate "2020.06.23"]
[EventType "swiss (blitz)"]

{[%evp 9,77,7,18,9,50,25,31,30,45,55,46,0,7,-337,-333,-360,-344,-406,-403,-535,-538,-541,-527,-563,-556,-566,-562,-557,-564,-553,-548,-632,-566,-606,-622,-605,-530,-607,-604,-715,-711,-697,-700,-720,-726,-749,-712,-1045,-811,-842,-817,-833,-833,-1111,-1080,-1725,-1336,-1224,-720,-722,-720,-717,-717,-718,-717,-712,-689,-730,-686,-659]} 1. d4 e6 2. Bf4 d5 3. e3 Bd6 4. Bxd6 Qxd6 5. c4 dxc4 6. Nc3 {D00: 1 d4 d5: Unusual lines.} a6 7. Bxc4 Nf6 8. Nf3 {White is slightly better.} b5 9. Bd3 Bb7 10. O-O {[#]} (10. e4 $5 {[%cal Re4e5]} Qb6 11. O-O $14) 10... Nbd7 $146 ({Predecessor:} 10... O-O 11. Qc2 Nc6 12. Qd2 Ne7 13. e4 Qd7 14. e5 Nfd5 15. Ne4 Nb6 16. Nf6+ gxf6 17. exf6 {0-1 (30) Peixoto,J (1402)-Santos,R (1680) Luso 2018}) 11. Ne4 $2 {[%mdl 8192] [#] This move loses the game for White.} (11. Rc1 $11) 11... Nxe4 $19 12. Qc2 Nef6 13. Rac1 Rc8 14. Ne5 Nxe5 {Black is clearly winning.} 15. dxe5 Qxe5 16. Rfe1 O-O 17. f3 c5 18. b3 Rfd8 19. Bf1 Qg5 20. e4 h6 21. Rcd1 Rxd1 22. Rxd1 Qf4 23. Qf2 c4 24. g3 Qc7 25. bxc4 bxc4 {[%cal Bb5c4,Bc4c3][%mdl 32]} 26. Rc1 c3 27. Rc2 a5 {[%cal Ba6a5,Ba5a4][%mdl 32]} 28. Kg2 Nd7 29. Qd4 Ne5 30. Be2 Qc5 31. Qf2 Qb4 32. h4 a4 33. Qe3 Qc5 34. Kf2 Qxe3+ 35. Kxe3 Nc4+ 36. Bxc4 Rxc4 37. Kd3 Rc8 38. a3 Ba6+ 39. Kd4 {[%mdl 32768] Accuracy: White = 21%, Black = 87%. . Sensor Board Error (Ke4/e5)?} 1-0

[Event "Stay Safe Play From Home 248"]
[Site "Emanuel Lasker Arena"]
[Date "2020.06.23"]
[Round "7"]
[White "Scorpio New"]
[Black "SoulofWolf"]
[Result "0-1"]
[WhiteElo "2152"]
[BlackElo "2158"]
[PlyCount "72"]
[EventDate "2020.06.23"]
[EventType "swiss (blitz)"]

1. d3 {[%emt 0:00:02]} d5 {[%emt 0:00:00]} 2. Nd2 {[%emt 0:00:00]} e6 {[%emt 0:00:00]} 3. c3 {[%emt 0:00:00]} Nf6 {[%emt 0:00:00]} 4. Qc2 {[%emt 0:00:00]} Be7 {[%emt 0:00:00]} 5. e4 {[%emt 0:00:00]} O-O {[%emt 0:00:00]} 6. Ngf3 {[%emt 0:00:01]} Nbd7 {[%emt 0:00:00]} 7. g3 {[%emt 0:00:02]} c5 {[%emt 0:00:00]} 8. Bg2 {[%emt 0:00:01]} Qc7 {[%emt 0:00:00]} 9. O-O {[%emt 0:00:01]} b6 {[%emt 0:00:00]} 10. Re1 {[%emt 0:00:00]} Bb7 {[%emt 0:00:00]} 11. a4 {[%emt 0:00:01]} a5 {[%emt 0:00:01]} 12. e5 {[%emt 0:00:01]} Ng4 {[%emt 0:00:02]} 13. Qd1 {[%emt 0:00:02]} Ngxe5 {[%emt 0:00:01]} 14. Nxe5 {[%emt 0:00:00]} Nxe5 {[%emt 0:00:00]} 15. Nf3 {[%emt 0:00:00]} Bd6 {[%emt 0:00:02]} 16. Nxe5 {[%emt 0:00:01]} Bxe5 {[%emt 0:00:00]} 17. f4 {[%emt 0:00:00]} Bd6 {[%emt 0:00:01]} 18. Qe2 {[%emt 0:00:00]} Rae8 {[%emt 0:00:02]} 19. Bd2 {[%emt 0:00:00]} e5 {[%emt 0:00:01]} 20. fxe5 {[%emt 0:00:00]} Rxe5 {[%emt 0:00:01]} 21. Qf2 {[%emt 0:00:00]} Rfe8 {[%emt 0:00:00]} 22. Rf1 {[%emt 0:00:01]} f6 {[%emt 0:00:01]} 23. Kh1 {[%emt 0:00:00]} Re2 {[%emt 0:00:02]} 24. Qf5 {[%emt 0:00:03]} Rxd2 {[%emt 0:00:01]} 25. Bxd5+ {[%emt 0:00:01]} Bxd5+ {[%emt 0:00:01]} 26. Qxd5+ {[%emt 0:00:00]} Kh8 {[%emt 0:00:02]} 27. Rae1 {[%emt 0:00:01]} Rde2 {[%emt 0:00:04]} 28. Rxe2 {[%emt 0:00:01]} Rxe2 {[%emt 0:00:00]} 29. Qh5 {[%emt 0:00:02]} Qb7+ {[%emt 0:00:04]} 30. Qf3 {[%emt 0:00:03]} Qxf3+ {[%emt 0:00:01]} 31. Rxf3 {[%emt 0:00:00]} Rxb2 {[%emt 0:00:01]} 32. Re3 {[%emt 0:00:01]} h6 {[%emt 0:00:01]} 33. Re6 {[%emt 0:00:01]} Be5 {[%emt 0:00:01]} 34. Re8+ {[%emt 0:00:02]} Kh7 {[%emt 0:00:01]} 35. Rd8 {[%emt 0:00:01]} Bxc3 {[%emt 0:00:02]} 36. Rd7 {[%emt 0:00:00]} Bd4 {[%emt 0:00:01] Scorpio New abbandona (Lag: Av=0.20s, max=0.4s)} 0-1

[Event "Stay Safe Play From Home 248"]
[Site "Emanuel Lasker Arena"]
[Date "2020.06.23"]
[Round "7"]
[White "Don59as"]
[Black "SecantFX"]
[Result "1-0"]
[WhiteElo "2126"]
[BlackElo "1929"]
[Annotator "NA"]
[PlyCount "141"]
[EventDate "2020.06.23"]
[EventType "swiss (blitz)"]

1. c4 {[%emt 0:00:01]} b6 {[%emt 0:00:00]} 2. Nc3 {[%emt 0:00:01]} Bb7 {[%emt 0:00:00]} 3. e4 {[%emt 0:00:00]} g6 {[%emt 0:00:00]} 4. g3 {[%emt 0:00:00]} Bg7 {[%emt 0:00:00]} 5. Bg2 {[%emt 0:00:00]} e6 {[%emt 0:00:00]} 6. Nge2 {[%emt 0:00:01]} Ne7 {[%emt 0:00:00]} 7. O-O {[%emt 0:00:00]} c6 {[%emt 0:00:00]} 8. d4 {[%emt 0:00:01]} O-O {[%emt 0:00:01]} 9. d5 {[%emt 0:00:00]} cxd5 {[%emt 0:00:01]} 10. exd5 {[%emt 0:00:00]} exd5 {[%emt 0:00:00]} 11. Nxd5 {[%emt 0:00:01]} Nxd5 {[%emt 0:00:01]} 12. cxd5 {[%emt 0:00:00]} d6 {[%emt 0:00:01]} 13. Bf4 {[%emt 0:00:02]} Bxb2 {[%emt 0:00:02]} 14. Rb1 {[%emt 0:00:02]} Ba3 {[%emt 0:00:01]} 15. Nd4 {[%emt 0:00:01]} Bc5 {[%emt 0:00:01]} 16. Nc6 {[%emt 0:00:01]} Bxc6 {[%emt 0:00:03]} 17. dxc6 {[%emt 0:00:00]} Qc7 {[%emt 0:00:01]} 18. Qd5 {[%emt 0:00:01]} Na6 {[%emt 0:00:02]} 19. Bh6 {[%emt 0:00:01]} Rfe8 {[%emt 0:00:03]} 20. Rfd1 {[%emt 0:00:02]} Re5 {[%emt 0:00:02]} 21. Qf3 {[%emt 0:00:02]} f5 {[%emt 0:00:07]} 22. Bf4 {[%emt 0:00:01]} Re4 {[%emt 0:00:04]} 23. Qb3+ {[%emt 0:00:01]} Kg7 {[%emt 0:00:03]} 24. Bxe4 {[%emt 0:00:01]} fxe4 {[%emt 0:00:01]} 25. Qd5 {[%emt 0:00:02]} Rd8 {[%emt 0:00:01]} 26. Qxe4 {[%emt 0:00:01]} Nb4 {[%emt 0:00:02]} 27. Rxb4 {[%emt 0:00:02]} Bxb4 {[%emt 0:00:01]} 28. Qd4+ {[%emt 0:00:02]} Kg8 {[%emt 0:00:02]} 29. Qxb4 {[%emt 0:00:02]} Qxc6 {[%emt 0:00:00]} 30. Qb3+ {[%emt 0:00:01]} d5 {[%emt 0:00:01]} 31. Qd3 {[%emt 0:00:03]} Kf7 {[%emt 0:00:01]} 32. h4 {[%emt 0:00:01]} Ke6 {[%emt 0:00:01]} 33. Bg5 {[%emt 0:00:01]} Rd6 {[%emt 0:00:02]} 34. Re1+ {[%emt 0:00:00]} Kd7 {[%emt 0:00:00]} 35. Qf3 {[%emt 0:00:01]} Kc8 {[%emt 0:00:00]} 36. Qf8+ {[%emt 0:00:01]} Kc7 {[%emt 0:00:00]} 37. Re7+ {[%emt 0:00:00]} Rd7 {[%emt 0:00:00]} 38. Qf4+ {[%emt 0:00:01]} Kb7 {[%emt 0:00:01]} 39. Rxd7+ {[%emt 0:00:01]} Qxd7 {[%emt 0:00:00]} 40. Qf6 {[%emt 0:00:01]} d4 {[%emt 0:00:01]} 41. Qe7 {[%emt 0:00:01]} Qxe7 {[%emt 0:00:01]} 42. Bxe7 {[%emt 0:00:00]} d3 {[%emt 0:00:00]} 43. Bg5 {[%emt 0:00:00]} Kc6 {[%emt 0:00:00]} 44. Kf1 {[%emt 0:00:00]} Kd5 {[%emt 0:00:00]} 45. Ke1 {[%emt 0:00:00]} Kc4 {[%emt 0:00:00]} 46. Kd2 {[%emt 0:00:00]} b5 {[%emt 0:00:00]} 47. Be3 {[%emt 0:00:01]} a5 {[%emt 0:00:01]} 48. Bg5 {[%emt 0:00:01]} b4 {[%emt 0:00:01]} 49. Bf6 {[%emt 0:00:01]} a4 {[%emt 0:00:00]} 50. g4 {[%emt 0:00:01]} b3 {[%emt 0:00:03]} 51. axb3+ {[%emt 0:00:00]} axb3 {[%emt 0:00:01]} 52. Bb2 {[%emt 0:00:01]} Kd5 {[%emt 0:00:02]} 53. Kxd3 {[%emt 0:00:00]} Ke6 {[%emt 0:00:00]} 54. f3 {[%emt 0:00:01]} Kd5 {[%emt 0:00:00]} 55. Ke3 {[%emt 0:00:01]} g5 {[%emt 0:00:01]} 56. hxg5 {[%emt 0:00:01]} Kc4 {[%emt 0:00:00]} 57. f4 {[%emt 0:00:01]} Kd5 {[%emt 0:00:01]} 58. Kd3 {[%emt 0:00:01]} Kc5 {[%emt 0:00:01]} 59. Ke4 {[%emt 0:00:00]} Kc4 {[%emt 0:00:01]} 60. f5 {[%emt 0:00:00]} Kc5 {[%emt 0:00:01]} 61. g6 {[%emt 0:00:00]} Kd6 {[%emt 0:00:00]} 62. gxh7 {[%emt 0:00:01]} Kc5 {[%emt 0:00:00]} 63. h8=Q {[%emt 0:00:00]} Kc4 {[%emt 0:00:00]} 64. Qc3+ {[%emt 0:00:00]} Kb5 {[%emt 0:00:00]} 65. Qxb3+ {[%emt 0:00:00]} Kc5 {[%emt 0:00:00]} 66. Qd3 {[%emt 0:00:00]} Kc6 {[%emt 0:00:01]} 67. f6 {[%emt 0:00:00]} Kb6 {[%emt 0:00:00]} 68. f7 {[%emt 0:00:00]} Kc5 {[%emt 0:00:00]} 69. f8=Q+ {[%emt 0:00:01]} Kb6 {[%emt 0:00:00]} 70. Qb8+ {[%emt 0:00:01]} Ka5 {[%emt 0:00:00]} 71. Qa3# {[%emt 0:00:01] (Lag: Av=0.58s, max=2.6s)} 1-0